Spain : lonely planet.
| Format: | Book |
|---|---|
| Published: |
Victoria:
Lonely Planet Publications,
2013.
|
| Edition: | 9th ed.. |
| Series: | Lonely planet
|
| Subjects: |
| LEADER | 00490cam a2200169 7i4500 | ||
|---|---|---|---|
| 001 | 0000030978 | ||
| 005 | 20140701090000.0 | ||
| 020 | 0 | 0 | |a 9781742200514 |
| 090 | 0 | 0 | |a SPAN 910.202 |b SPA |
| 245 | 0 | 0 | |a Spain : |b lonely planet. |
| 250 | 0 | 0 | |a 9th ed.. |
| 260 | 0 | 0 | |a Victoria: |b Lonely Planet Publications, |c 2013. |
| 300 | # | # | |a 902 p. |
| 440 | 0 | 0 | |a Lonely planet |
| 650 | 0 | 0 | |a Spain -- |x Description and travel -- |x Guidebooks |
| 651 | 0 | 0 | |a Spain |
| 999 | |a B000034249 |b Book |c Countries |e Business Information Centre | ||


